000 01614nam a22001817a 4500
003 IT-RoPau
005 20220918175936.0
008 121205b xxu||||| |||| 00| 0 eng d
040 _cIT-RoPau
100 _aAlberione Giacomo
_qFondatore Famiglia Paolina
_919
245 _aMaria discepola e maestra
250 _aII
260 _aRoma
_bSSP
_c1987
300 _a40 p.
_c21,5 cm
490 _aEdizioni Archivio Storico Generale della Famiglia Paolina
_vI
520 _aINDICE Presentazione Parte Prima PER MARIA MAESTRA A GESU' MAESTRO 1. Concetto di Maestro 2. Maria via a Cristo e via di Cristo 3. Maria Maestra I. MARIA E' VIA : ESEMPIO DI SANTITA' 1. Conformazione alle virtù di Cristo 2. Il "libro" di tutte le virtù II. MARIA E' VITA : EFFICACIA NELLE SUE PREGHIERE 1. La vita di Cristo per mezzo di Maria 2. Maria ci comunica la vita in tre momenti successivi III. MARIA HA SAPIENZA : AUTORITA' DEL SUO CONSIGLIO 1. Maria sede della sapienza 2. I più ricchi tesori di scienza Conclusione: tre applicazioni Parte seconda DISCEPOLATO E MAGISTERO DI MARIA I. MARIA FU DISCEPOLA, POI MAESTRA 1. Prima dell' incarnazione del Figlio di Dio 2. Fu Discepola di Gesù nella vita privata 3. Durante la vita pubblica II. MARIA FU MAESTRA 1. Maestra e formatrice di Gesù 2. Maria Maestra nella Chiesa Parte terza MARIA E IL MAESTRO-EDUCATORE I. SUL MODELLO DI GESU' E DI MARIA II. CONSACRAZIONE A MARIA E FORMAZIONE PAOLINA 1. Consacrazione adel magistero e del discepolato 2. Maria nella formazione paolina Conclusione Preghiere a Maria
942 _2ddc
_cBK
999 _c37608
_d37608